| 000 | 01281nam a2200229Ia 4500 | ||
|---|---|---|---|
| 003 | Ost | ||
| 005 | 20260507075430.0 | ||
| 008 | 260507s9999||||xx |||||||||||||| ||und|| | ||
| 020 | _a9773790126 | ||
| 040 | _cfsecg | ||
| 041 | _aara | ||
| 082 | _a658.57 | ||
| 100 |
_aعجور، محمودعلى متولى _eمؤلف |
||
| 245 | 0 |
_aبحوث العمليات والإحصاء / _c محمودعلى متولى عجور |
|
| 260 |
_aالإسكندرية: _bدار الفكر الجامعي, _c2007 |
||
| 300 |
_a290 صفحة؛ _bإيضاحات ؛ _c25 سم |
||
| 520 | _aيضم الاحتمالات والاحصاء: نظرية الفئات، التجربة العشوائية، المتغيرات العشوائية، طرق عرض البيانات، المقاييس الأولية للنزعة، المقاييس الرئيسية للنزعة المركزية، بعض التوزيعات، بحوث العمليات: طرق اتخاذ القرار، نظرية الدوائر، اسلوب برت واستخدامات، البرمجة الخطية، مشاكل النقل والتخصص، التنبؤ | ||
| 653 | _aالاحتمالات | ||
| 653 | _aالإحصاء - المعاملات الإرتباطية | ||
| 653 | _aبحوث العماليات | ||
| 942 | _cكتاب | ||
| 999 |
_c44506 _d44506 |
||